000 00804nam a2200301Ia 4500
001 Z_2039
003 CHAP
008 220113s1998 xx 000 0 und d
010 _a165112
040 _cCHAP
090 _aFolleto 329
100 _aMéxico. Secretaría de Agricultura Ganadería y Desarrollo Rural
_9139143
245 _aSituación actual y perspectiva de la producción de carne de bovino en México 1990-1998 /
_cpor FIRA
260 _aMéxico, D. F. :
_bFIRA,
_c1998
300 _a64 p.
440 _a
500 _a
503 _a
650 _aBovinos
_xPrecios
_9139147
650 _aBovinos
_xRendimiento
_9139148
650 _aCarne de res I. t.
_9139149
901 _aFolleto 329
902 _aA
910 _a1998
942 _cc14
942 _cc14
999 _c165112
_d165112